Los monstruos en Colombia si existen (Registro nro. 56976)

Detalles MARC
000 -CABECERA
Longitud fija campo de control 02144nam a2200337 i 4500
003 - • IDENTIFICADOR DELl NÚMERO DE CONTROL
Identificador del número de control CO-BoRNBP
005 - • FECHA Y HORA DE LA ÚLTIMA TRANSACCIÓN
Fecha y hora de la última transacción 20250226110749.0
007 - • CAMPO FIJO DE DESCRIPCIÓN FÍSICA
Campo fijo de descripción física ta
008 - • CÓDIGOS DE INFORMACIÓN DE LONGITUD FIJA
Códigos de información de longitud fija 231206s2023 ck a|||er 001 1bspa d
020 ## - • NÚMERO INTERNACIONAL NORMALIZADO PARA LIBROS
Número Internacional Normalizado para Libros (ISBN) 9786287634299
040 ## - FUENTE DE LA CATALOGACIÓN
Centro catalogador de origen CO-BoRNBP
Lengua de catalogación spa
Normas de descripción rda
Centro transcriptor CO-BoRNBP
041 0# - • CÓDIGO DE LENGUA
Código de lengua del texto/banda sonora o título independiente spa
082 04 - • NÚMERO DE LA CLASIFICACIÓN DECIMAL DEWEY
Número de clasificación (R) 364.1523
Número del ítem C78m
100 1# - • PUNTO DE ACCESO PRINCIPAL-NOMBRE DE PERSONA
Nombre de persona Cruz Niño, Esteban,
Fechas asociadas al nombre 1979- ,
Término indicativo de función autor
245 14 - • TITULO PROPIAMENTE DICHO
Título Los monstruos en Colombia si existen
Resto del título asesinos en serie/
Mención de responsabilidad, etc. Esteban Cruz Niño
250 ## - • MENCIÓN DE EDICIÓN
Mención de edición Edición especial para el Ministerio de las Culturas
250 ## - • MENCIÓN DE EDICIÓN
Mención de edición Edición actualizada
264 #1 - PRODUCCIÓN, PUBLICACIÓN , DISTRIBUCIÓN, FABRICACIÓN Y COPYRIGHT
Lugar de producción, publicación, distribución, fabricación Bogotá, Colombia
Nombre del productor, editor, distribuidor, fabricante Penguin Random House Grupo Editorial
Fecha de de producción, publicación, distribución, fabricación o copyright 2023
300 ## - • DESCRIPCIÓN FÍSICA
Extensión 300 páginas
Dimensiones 23 cm
336 ## - TIPO DE CONTENIDO
Término de tipo de contenido texto
Código de tipo de contenido txt
Fuente rdacontenido
337 ## - TIPO DE MEDIO
Nombre del tipo de medio sin mediación
Código del tipo de medio n
Fuente rdamedio
338 ## - TIPO DE SOPORTE
Nombre del tipo de soporte volumen
Código del tipo de soporte nc
Fuente rdasoporte
500 ## - • NOTA GENERAL
Nota general Incluye datos biográficos del autor
504 ## - • NOTA DE BIBLIOGRAFÍA, ETC
Nota de bibliografía, etc. Incluye bibliografía
520 3# - • NOTA DE RESUMEN
Resumen, etc, Los temibles asesinos en serie retratados en este libro tienen varias características en común. Todos tienen personalidades rebeldes y estrambóticas, y fueron hombres formados en las entrañas de la infinita violencia colombiana: hijos despreciados, maltratados y ultrajados.<br/><br/>En este increíble mosaico de monstruos de la vida real, el lector podrá abordar una construcción periodística de mentes diabólicas que, durante años, derramaron por terrenos baldíos, pueblos y ciudades colombianas y de países vecinos la sangre de centenares de víctimas inocentes, la mayoría compuesta por inofensivos niños, niñas y adolescentes, algunos de ellos aún desaparecidos.<br/><br/>Diez años después de la primera edición de este libro. Esteban Cruz nos demuestra que la maldad sigue vigente en nuestro país, revelándonos dos nuevos casos: el de Freddy Valencia, "el Monstruo de Monserrate". y el de Johany Alexander Acuña Hernández, "el Loco de la Piedra".<br/>(Tomado a partes del libro).
521 ## - • NOTA DE P&Uacute;BLICO DESTINATARIO
Nota público destinatario (R ) Recomendado para un público adulto
650 17 - • PUNTO DE ACCESO ADICIONAL DE MATERIA - T&Eacute;RMINO DE MATERIA
Término de materia o nombre geográfico como elemento inicial Asesinos en serie
Subdivisión de materia general Historia
Subdivisión geográfica Colombia
Fuente del encabezamiento o término ARMARC
650 17 - • PUNTO DE ACCESO ADICIONAL DE MATERIA - T&Eacute;RMINO DE MATERIA
Término de materia o nombre geográfico como elemento inicial Conducta criminal
Fuente del encabezamiento o término ARMARC
650 17 - • PUNTO DE ACCESO ADICIONAL DE MATERIA - T&Eacute;RMINO DE MATERIA
Término de materia o nombre geográfico como elemento inicial Delitos sexuales
Fuente del encabezamiento o término ARMARC
942 ## - ENTRADA DE ELEMENTOS AGREGADOS (KOHA)
Fuente de clasificaión o esquema Dewey Decimal Classification
Koha [por defecto] tipo de item LIbro
Existencias
Perdido Fuente de clasificaci&oacute;n o esquema Estado Físico No para pr&eacute;stamo Forma de adquisición Localizaci&oacute;n permanente Localizaci&oacute;n actual Localización en estanterías Fecha adquisici&oacute;n Pr&eacute;stamos totales Signatura completa C&oacute;digo de barras Fecha &uacute;ltima consulta N&uacute;mero de copia Fecha del precio de reemplazo Tipo de item de Koha
  Dewey Decimal Classification     Colección General Biblioteca Pública Dorado Biblioteca Pública Dorado General 02/19/2026   364.1523 C78m DOR03314 02/19/2026 Ej.1 02/19/2026 LIbro
  Dewey Decimal Classification     Colección General Biblioteca Pública José Eustasio Rivera - San Martin Biblioteca Pública José Eustasio Rivera - San Martin General 10/03/2025   364.1523 C78m SM04279 10/03/2025 Ej.1 10/03/2025 LIbro
  Dewey Decimal Classification     Colección General Biblioteca Pública Puerto Lleras Biblioteca Pública Puerto Lleras General 08/15/2025   364.1523 C78m PLL00588 08/15/2025 Ej.1 08/15/2025 LIbro
  Dewey Decimal Classification     Colección General Biblioteca Pública San Carlos de Guaroa - Eduardo Carranza Biblioteca Pública San Carlos de Guaroa - Eduardo Carranza General 08/20/2025   364.1523 C78m SG04095 08/20/2025 Ej.1 08/20/2025 LIbro
  Dewey Decimal Classification     Colección General Biblioteca Pública El Castillo - Alfonso Meneses Biblioteca Pública El Castillo - Alfonso Meneses General 10/07/2025   364.1523 C78m EC03035 10/07/2025 Ej.1 10/07/2025 LIbro
  Dewey Decimal Classification     Colección General Biblioteca Pública Cabuyaro Biblioteca Pública Cabuyaro General 09/24/2025   364.1523 C78m CAB001243 09/24/2025 Ej.1 09/24/2025 LIbro
  Dewey Decimal Classification     Colección General Biblioteca Pública Guamal Biblioteca Pública Guamal General 02/04/2025   364.1523 C78m GUA004824 02/26/2025 Ej.1 02/26/2025 LIbro
  Dewey Decimal Classification     Colección General Biblioteca Pública Mapiripan Biblioteca Pública Mapiripan General 08/22/2025   364.1523 C78m MAP00004465 08/22/2025 Ej.1 08/22/2025 LIbro
  Clasificación Local Facetada     Colección General Biblioteca Pública Puerto Concordia Biblioteca Pública Puerto Concordia General 02/06/2026   364.1523 C78m PCON00813 02/06/2026 Ej.1 02/06/2026 LIbro
  Dewey Decimal Classification     Colección General Biblioteca Pública Uribe - Reinerio Arenas Biblioteca Pública Uribe - Reinerio Arenas General 10/09/2025   364.1523 C78m URI03205 10/09/2025 Ej.1 10/09/2025 LIbro









Instituto Departamental de Cultura del Meta - Red Departamental de Bibliotecas Públicas del Meta.